| 000 | 01159nam a2200349 a 4500 | ||
|---|---|---|---|
| 001 | 000115596 | ||
| 003 | CHAP | ||
| 005 | 20220329144541.0 | ||
| 008 | 190612s2017 cr |r| ||||||spa d | ||
| 010 | _a112057 | ||
| 011 | _a113029 | ||
| 020 | _a9786077153580 | ||
| 040 | _cCHAP | ||
| 082 | 0 | 4 |
_a633.73 _bC12 |
| 245 | 0 | 0 |
_aCaficultura : _bpanorama actual en América Latina / _ceditado por Guillermo Canet Brenes y Carlos Soto Víquez. |
| 260 |
_aSan José, CR. : _bIICA _bColegio de Posgraduados, _c2017. |
||
| 300 | _axv, 134 p. | ||
| 490 |
_aBiblioteca básica de agricultura _v90 |
||
| 590 |
_aE5765TAJ _b05 _c20190612 _lUCH01 _h1103 |
||
| 590 |
_aE5765TAJ _b05 _c20190612 _lUCH01 _h1150 |
||
| 590 |
_aE5765TAJ _b05 _c20190612 _lUCH01 _h1209 |
||
| 650 | 1 | 4 |
_aCafé _xCultivo _xCambio climático. _9132183 |
| 650 | 1 | 4 |
_aCafé _xCultivo _zAmérica Latina. _9136016 |
| 650 | 1 | 4 |
_aCafé _xIndustria. _917157 |
| 650 | 1 | 4 |
_aCafé _xMercadeo. _917169 |
| 700 | 1 |
_aCanet Brenes, Guillermo _eed. _9136014 |
|
| 700 | 1 |
_aSoto Víquez, Carlos _eed. _9136015 |
|
| 830 | 0 |
_aBiblioteca básica de agricultura _v90 _912245 |
|
| 901 | _aBK | ||
| 942 | _cLIBRO | ||
| 942 | _n0 | ||
| 999 |
_c112057 _d112057 |
||